[Event "WchT Seniors 65"]
[Site "Struga"]
[Date "2023.09.26"]
[Round "7.4"]
[White "Hughes, Anthony"]
[Black "Trabattoni, Franco"]
[Result "1/2-1/2"]
[WhiteElo "1838"]
[BlackElo "2232"]
[PlyCount "51"]
[EventDate "2023.09.19"]
[EventType "team-swiss"]
[EventRounds "9"]
[EventCountry "MKD"]
[SourceTitle "EXT 2024"]
[Source "ChessBase"]
[SourceDate "2023.10.10"]
[SourceVersion "1"]
[SourceVersionDate "2023.10.10"]
[SourceQuality "1"]
[WhiteTeam "Wales Silures 65"]
[BlackTeam "Italy 65"]
[WhiteTeamCountry "WLS"]
[BlackTeamCountry "ITA"]

1. c4 b6 2. Nc3 Bb7 3. e4 c5 4. d3 g6 5. Nge2 Bg7 6. Be3 Nf6 7. h3 Nc6 8. g3 d6 9. Bg2 Nd7 10. 0-0 a6 11. d4 0-0 12. Qd2 Rc8 13. b3 cxd4 14. Nxd4 Nxd4 15. Bxd4 Bxd4 16. Qxd4 Qc7 17. Rac1 Qc5 18. Qd2 Qa5 19. Rfd1 Rfd8 20. Qh6 Qe5 21. f4 Qc5+ 22. Kh2 Qa3 23. Rc2 Qb4 24. e5 Bxg2 25. Kxg2 dxe5 26. Nd5 1/2-1/2

[Event "WchT Seniors 65"]
[Site "Struga"]
[Date "2023.09.19"]
[Round "1.4"]
[White "Hughes, Anthony"]
[Black "Giffard, Nicolas"]
[Result "1/2-1/2"]
[WhiteElo "1838"]
[BlackElo "2155"]
[PlyCount "99"]
[EventDate "2023.09.19"]
[EventType "team-swiss"]
[EventRounds "9"]
[EventCountry "MKD"]
[SourceTitle "EXT 2024"]
[Source "ChessBase"]
[SourceDate "2023.10.10"]
[SourceVersion "1"]
[SourceVersionDate "2023.10.10"]
[SourceQuality "1"]
[WhiteTeam "Wales Silures 65"]
[BlackTeam "France 65"]
[WhiteTeamCountry "WLS"]
[BlackTeamCountry "FRA"]

1. c4 Nf6 2. Nc3 e6 3. e4 c5 4. Nf3 d6 5. Be2 b6 6. d4 cxd4 7. Nxd4 Bb7 8. Bg5 a6 9. f3 Nbd7 10. 0-0 Be7 11. Qd2 0-0 12. Rad1 Re8 13. Rfe1 Qc7 14. Be3 Rac8 15. Rc1 Qb8 16. Red1 Bd8 17. Qe1 d5 18. cxd5 exd5 19. Nf5 Bc7 20. Qh4 Ne5 21. Nxg7 Ng6 22. Qxf6 Bxh2+ 23. Kf1 Be5 24. Qg5 Bxg7 25. Bd4 Bxd4 26. Rxd4 dxe4 27. Bc4 Qe5 28. Qxe5 Nxe5 29. Nxe4 Bxe4 30. Rxe4 b5 31. Rxe5 Rxe5 32. Bxf7+ Kxf7 33. Rxc8 b4 34. Rc6 Ra5 35. Rb6 Rxa2 36. Rxb4 h5 37. Ke2 Ra1 38. Rb3 Rg1 39. Kf2 Rb1 40. Kg3 Kg6 41. Kf4 h4 42. Kg4 Rg1 43. Rb6+ Kg7 44. Kxh4 Rxg2 45. Rxa6 Rxb2 46. Kg5 Rb5+ 47. Kg4 Kf7 48. f4 Rc5 49. f5 Rc1 50. Kg5 1/2-1/2

[Event "BCF-chT4 2223 (4NCL)"]
[Site "England"]
[Date "2023.03.26"]
[Round "8.35"]
[White "Manickam, Saravanna Bava"]
[Black "Hughes, Anthony"]
[Result "1/2-1/2"]
[WhiteElo "1807"]
[BlackElo "1939"]
[PlyCount "62"]
[EventDate "2022.11.05"]
[EventType "team-swiss"]
[EventRounds "11"]
[EventCountry "ENG"]
[SourceTitle "EXT 2024"]
[Source "ChessBase"]
[SourceDate "2023.10.10"]
[SourceVersion "1"]
[SourceVersionDate "2023.10.10"]
[SourceQuality "1"]
[WhiteTeam "Coventry"]
[BlackTeam "The Full Ponty"]
[WhiteTeamCountry "ENG"]
[BlackTeamCountry "ENG"]

1. d4 d5 2. Bf4 Nf6 3. e3 e6 4. Nf3 Bd6 5. Bg3 0-0 6. c4 c5 7. dxc5 Bxc5 8. Nc3 Nc6 9. cxd5 exd5 10. Be2 Re8 11. 0-0 Bg4 12. Re1 Qd7 13. Qa4 Rad8 14. Rad1 Bb4 15. Bh4 Qf5 16. a3 Bxc3 17. bxc3 Re4 18. Qc2 Qg6 19. Bxf6 Qxf6 20. Nd4 Nxd4 21. cxd4 Rc8 22. Qb3 Bxe2 23. Rxe2 Qc6 24. Ree1 Re7 25. Rb1 Rec7 26. h3 Qc4 27. Qb2 b6 28. Ra1 Qc2 29. Reb1 f6 30. a4 Qf5 31. Rc1 Rc2 1/2-1/2

[Event "BCF-chT4 2223 (4NCL)"]
[Site "England"]
[Date "2022.11.06"]
[Round "2.24"]
[White "Hughes, Anthony"]
[Black "Garcia Ruiz, Fuentes Aitor"]
[Result "0-1"]
[WhiteElo "1939"]
[BlackElo "2060"]
[PlyCount "98"]
[EventDate "2022.11.05"]
[EventType "team-swiss"]
[EventRounds "11"]
[EventCountry "ENG"]
[SourceTitle "EXT 2024"]
[Source "ChessBase"]
[SourceDate "2023.10.10"]
[SourceVersion "1"]
[SourceVersionDate "2023.10.10"]
[SourceQuality "1"]
[WhiteTeam "The Full Ponty"]
[BlackTeam "Average Wood Pushers"]
[WhiteTeamCountry "ENG"]
[BlackTeamCountry "ENG"]

1. c4 Nf6 2. Nc3 g6 3. g3 Bg7 4. Bg2 0-0 5. e4 d6 6. Nge2 c5 7. 0-0 Nc6 8. d3 a6 9. a4 Ne8 10. Be3 Nc7 11. d4 cxd4 12. Nxd4 Ne6 13. Nde2 Ne5 14. b3 Ng4 15. Bc1 a5 16. Bb2 Nc5 17. Qc2 Be6 18. Rad1 Qb6 19. Nb5 Bxb2 20. Qxb2 Ne5 21. Nf4 g5 22. Nxe6 fxe6 23. Qd2 h6 24. Nd4 Rf6 25. Kh1 g4 26. Qe3 Raf8 27. f4 gxf3 28. Nxf3 Ng4 29. Qd4 e5 30. Qd5+ Kh7 31. Rde1 Qxb3 32. Nh4 Ne3 33. Rxf6 Rxf6 34. Qd2 Nxc4 35. Qe2 Qd3 36. Qh5 Qd2 37. Rd1 Qg5 38. Qe8 e6 39. Qb5 Qg4 40. Re1 Ne3 41. Qxa5 Nxg2 42. Kxg2 Rf7 43. Qd8 Nxe4 44. Kg1 d5 45. Qb8 Nxg3 46. hxg3 Qxg3+ 47. Ng2 Qf2+ 48. Kh1 Rg7 49. Rg1 Qg3 0-1

[Event "BCF-chT4 2223 (4NCL)"]
[Site "England"]
[Date "2022.11.05"]
[Round "1.33"]
[White "Hughes, Anthony"]
[Black "Taylor, Robert P"]
[Result "1-0"]
[WhiteElo "1939"]
[BlackElo "1742"]
[PlyCount "64"]
[EventDate "2022.11.05"]
[EventType "team-swiss"]
[EventRounds "11"]
[EventCountry "ENG"]
[SourceTitle "EXT 2024"]
[Source "ChessBase"]
[SourceDate "2023.10.10"]
[SourceVersion "1"]
[SourceVersionDate "2023.10.10"]
[SourceQuality "1"]
[WhiteTeam "The Full Ponty"]
[BlackTeam "Ashfield III"]
[WhiteTeamCountry "ENG"]
[BlackTeamCountry "ENG"]

1. c4 d6 2. Nc3 Nf6 3. g3 c6 4. Bg2 e5 5. e4 Nbd7 6. Nge2 Qc7 7. d3 Be7 8. h3 h6 9. Be3 g5 10. Qd2 Nf8 11. 0-0 Ng6 12. d4 Be6 13. b3 Nh5 14. d5 Bd7 15. dxc6 bxc6 16. Rad1 Be6 17. Kh2 Rd8 18. Qc2 Rf8 19. c5 Qa5 20. cxd6 Bxd6 21. Na4 Qc7 22. Nc5 Ng7 23. Rd2 Nf4 24. gxf4 gxf4 25. Rxd6 Rxd6 26. Bd2 f5 27. Bb4 fxe4 28. Nxe4 Bf5 29. Nxd6+ Qxd6 30. Qxc6+ Qxc6 31. Bxc6+ Kf7 32. Bxf8 Kxf8 1-0

[Event "WLS-ch Seniors"]
[Site "Cardiff"]
[Date "2022.09.02"]
[Round "1"]
[White "Hughes, Anthony"]
[Black "Saunders, Walter NR"]
[Result "1/2-1/2"]
[WhiteElo "1865"]
[BlackElo "1982"]
[PlyCount "133"]
[EventDate "2022.09.02"]
[EventType "swiss"]
[EventRounds "5"]
[EventCountry "WLS"]
[SourceTitle "EXT 2024"]
[Source "ChessBase"]
[SourceDate "2023.10.10"]
[SourceVersion "1"]
[SourceVersionDate "2023.10.10"]
[SourceQuality "1"]

1. c4 e5 2. Nc3 Nc6 3. g3 g6 4. Bg2 Bg7 5. e4 d6 6. Nge2 Nge7 7. d3 0-0 8. 0-0 f5 9. Be3 Nd4 10. Qd2 fxe4 11. dxe4 Nec6 12. f4 Bg4 13. h3 Be6 14. Nd5 Nxe2+ 15. Qxe2 Nd4 16. Qd3 c6 17. Nc3 Qd7 18. Kh2 Rf7 19. Rf2 Raf8 20. Raf1 Qc8 21. g4 Bd7 22. f5 Qd8 23. Qd2 gxf5 24. gxf5 Kh8 25. Ne2 Nxe2 26. Rxe2 Bc8 27. Bf3 Rg8 28. Rg2 d5 29. Bg5 Bf6 30. Rfg1 Bxg5 31. Rxg5 Rxg5 32. Qxg5 Qxg5 33. Rxg5 d4 34. Be2 Rf6 35. Kg2 c5 36. Bd3 Bd7 37. Kf2 Be8 38. Bc2 Bf7 39. b3 h6 40. Rg1 a6 41. Bd3 Be8 42. Be2 Kh7 43. Rg3 Bc6 44. Bd3 b5 45. Rg4 Be8 46. Rg3 Rb6 47. Ke2 b4 48. Bc2 a5 49. Kd3 Bf7 50. Bd1 Ra6 51. Kc2 a4 52. Kb2 axb3 53. axb3 Be8 54. Be2 Bf7 55. Bd1 Ra8 56. Bf3 Ra3 57. Be2 Kh8 58. Rg2 Ra7 59. Rg1 Be8 60. Rg2 Rd7 61. Kc2 Rd6 62. Rg3 Kh7 63. Rg2 Bc6 64. Bd3 Rf6 65. Rg3 Bb7 66. Rg1 Ra6 67. Kb2 1/2-1/2

[Event "South Wales op 17th"]
[Site "Bridgend"]
[Date "2022.07.10"]
[Round "6"]
[White "Hughes, Anthony"]
[Black "Harding, Gareth"]
[Result "1-0"]
[WhiteElo "1865"]
[BlackElo "1808"]
[PlyCount "81"]
[EventDate "2022.07.07"]
[EventType "swiss"]
[EventRounds "9"]
[EventCountry "WLS"]
[SourceTitle "CBM 209 Extra"]
[Source "ChessBase"]
[SourceDate "2022.09.30"]
[SourceVersion "1"]
[SourceVersionDate "2022.09.30"]
[SourceQuality "1"]

1. c4 e5 2. Nc3 Nc6 3. g3 f5 4. Bg2 Nf6 5. d3 Bb4 6. Bd2 0-0 7. a3 Bxc3 8. Bxc3 a5 9. e3 d6 10. Ne2 Qe8 11. Qd2 Bd7 12. 0-0 Qh5 13. f4 Rae8 14. b4 axb4 15. axb4 e4 16. d4 Ne7 17. d5 b5 18. Ra7 Rc8 19. Bxf6 Rxf6 20. c5 Kh8 21. c6 Bxc6 22. dxc6 Nxc6 23. Ra2 Qf7 24. Rfa1 Qc4 25. Ra8 Rff8 26. Rxc8 Rxc8 27. Nd4 Nxd4 28. Qxd4 Qxd4 29. exd4 Kg8 30. Bf1 c5 31. dxc5 dxc5 32. bxc5 Rxc5 33. Ra5 Kf7 34. Rxb5 Rxb5 35. Bxb5 Ke6 36. Kf2 Ke7 37. Ke3 h5 38. h4 Kf6 39. Kd4 Ke7 40. Ke5 g6 41. Bc4 1-0

[Event "Reykjavik Kvika op"]
[Site "Reykjavik"]
[Date "2022.04.12"]
[Round "9"]
[White "Kristinsson, Magnus"]
[Black "Hughes, Anthony"]
[Result "1-0"]
[WhiteElo "1734"]
[BlackElo "1869"]
[PlyCount "79"]
[EventDate "2022.04.06"]
[EventType "swiss"]
[EventRounds "9"]
[EventCountry "ISL"]
[SourceTitle "CBM 207 Extra"]
[Source "ChessBase"]
[SourceDate "2022.05.31"]
[SourceVersion "1"]
[SourceVersionDate "2022.05.31"]
[SourceQuality "1"]

1. c4 e6 2. Nf3 d5 3. d4 Nf6 4. Nc3 a6 5. cxd5 exd5 6. Bg5 c6 7. Qc2 Be7 8. e3 0-0 9. Bd3 h6 10. Bf4 Re8 11. 0-0-0 b5 12. Ne5 Be6 13. Kb1 c5 14. dxc5 Bxc5 15. Nxb5 Qb6 16. Nd4 Bxd4 17. exd4 Rc8 18. Qa4 Nc6 19. Nxc6 Rxc6 20. Rc1 Bd7 21. Rxc6 Bxc6 22. Qc2 Rc8 23. Qc5 Qb7 24. Rc1 g5 25. Be3 Kg7 26. h3 Nd7 27. Qa5 Rb8 28. Rc2 Ra8 29. Bf5 Nb6 30. Qc5 Nc4 31. Bc1 Rb8 32. b3 a5 33. Bb2 a4 34. Rxc4 axb3 35. a3 Bd7 36. Bxd7 dxc4 37. d5+ f6 38. Qe7+ Kg6 39. Qxf6+ Kh5 40. g4+ 1-0

[Event "Titled Tuesday intern op 20th July"]
[Site "Chess.com INT"]
[Date "2021.07.20"]
[Round "5"]
[White "Hughes, Anthony"]
[Black "Thing, Bibek"]
[Result "1-0"]
[WhiteElo "1873"]
[BlackElo "2190"]
[PlyCount "31"]
[EventDate "2021.07.20"]
[EventType "swiss (blitz)"]
[EventRounds "11"]
[EventCountry "USA"]
[SourceTitle "CBM 203 Extra"]
[Source "ChessBase"]
[SourceDate "2021.09.30"]
[SourceVersion "1"]
[SourceVersionDate "2021.09.30"]
[SourceQuality "1"]

1. c4 e6 2. Nc3 Nf6 3. e4 d5 4. e5 Nfd7 5. cxd5 Nxe5 6. Nf3 Nxf3+ 7. Qxf3 exd5 8. d4 c6 9. Bd3 Bd6 10. 0-0 0-0 11. Qh5 g6 12. Qh6 Qf6 13. Bg5 Qxd4 14. Rad1 Qg4 15. Bf6 Bxh2+ 16. Kh1 1-0

[Event "Titled Tuesday intern op 20th July"]
[Site "Chess.com INT"]
[Date "2021.07.20"]
[Round "6"]
[White "Tymrakiewicz, Rafal"]
[Black "Hughes, Anthony"]
[Result "1-0"]
[WhiteElo "2236"]
[BlackElo "1873"]
[PlyCount "39"]
[EventDate "2021.07.20"]
[EventType "swiss (blitz)"]
[EventRounds "11"]
[EventCountry "USA"]
[SourceTitle "CBM 203 Extra"]
[Source "ChessBase"]
[SourceDate "2021.09.30"]
[SourceVersion "1"]
[SourceVersionDate "2021.09.30"]
[SourceQuality "1"]

1. e4 Nf6 2. Nc3 e5 3. Nf3 Nc6 4. Bc4 Nxe4 5. 0-0 Nxc3 6. dxc3 d6 7. Ng5 Be6 8. Nxe6 fxe6 9. Bxe6 Qf6 10. Bd5 Be7 11. b4 Rf8 12. a4 Nd8 13. b5 a6 14. Qd3 axb5 15. Be3 Rxa4 16. Qxb5+ c6 17. Qxa4 b5 18. Bxc6+ Nxc6 19. Qxb5 d5 20. Ra6 1-0

[Event "Titled Tuesday intern op 13th July"]
[Site "Chess.com INT"]
[Date "2021.07.13"]
[Round "9"]
[White "Hughes, Anthony"]
[Black "Kaiyrbekov, Rustam"]
[Result "1-0"]
[WhiteElo "1873"]
[BlackElo "2338"]
[PlyCount "147"]
[EventDate "2021.07.13"]
[EventType "swiss (blitz)"]
[EventRounds "11"]
[EventCountry "USA"]
[SourceTitle "CBM 203 Extra"]
[Source "ChessBase"]
[SourceDate "2021.09.30"]
[SourceVersion "1"]
[SourceVersionDate "2021.09.30"]
[SourceQuality "1"]

1. c4 Nf6 2. Nc3 e6 3. e4 Nc6 4. g3 Bc5 5. Nge2 Nb4 6. d4 Bb6 7. Bg2 c5 8. a3 cxd4 9. axb4 dxc3 10. Nxc3 Qe7 11. c5 Bc7 12. 0-0 d6 13. Be3 0-0 14. Qc2 Bd7 15. Rfd1 Bc6 16. b5 Bd7 17. b4 Ng4 18. cxd6 Bxd6 19. Bc5 Bxc5 20. bxc5 e5 21. h3 Nf6 22. Nd5 Qe6 23. Nc7 Qe7 24. Nxa8 Rxa8 25. Qc4 Be6 26. Qd3 h6 27. Qd6 Qe8 28. c6 bxc6 29. bxc6 Kh7 30. c7 Bc8 31. Qd8 Qe6 32. Rd6 Qc4 33. Qe7 Qc3 34. Rad1 a5 35. Qxf7 a4 36. R6d3 Qc6 37. Qa2 Ba6 38. Ra3 Qxc7 39. Rxa4 Bb7 40. Rxa8 Bxa8 41. Qxa8 Qc2 42. Qd8 Ne8 43. Qd3 Qb3 44. Kh2 Nf6 45. Bf1 Qb4 46. Be2 Qe7 47. Bg4 Nxg4+ 48. hxg4 Qg5 49. Qd2 Qxg4 50. Qe3 Qh5+ 51. Kg2 Qg4 52. Rh1 h5 53. f3 Qg6 54. g4 Kg8 55. Rxh5 Kf7 56. Rf5+ Ke6 57. Qb6+ Kd7 58. Qb7+ Kd8 59. Qb8+ Ke7 60. Qxe5+ Qe6 61. Qxe6+ Kxe6 62. Rg5 g6 63. Rxg6+ Ke5 64. Rh6 Kf4 65. Rf6+ Ke3 66. g5 Ke2 67. g6 Ke1 68. g7 Ke2 69. g8Q Ke1 70. Qd8 Ke2 71. e5 Ke3 72. e6 Ke2 73. e7 Ke1 74. e8Q# 1-0

[Event "Titled Tuesday intern op 13th July"]
[Site "Chess.com INT"]
[Date "2021.07.13"]
[Round "10"]
[White "Prohorov, Olexandr"]
[Black "Hughes, Anthony"]
[Result "0-1"]
[WhiteElo "2086"]
[BlackElo "1873"]
[PlyCount "54"]
[EventDate "2021.07.13"]
[EventType "swiss (blitz)"]
[EventRounds "11"]
[EventCountry "USA"]
[SourceTitle "CBM 203 Extra"]
[Source "ChessBase"]
[SourceDate "2021.09.30"]
[SourceVersion "1"]
[SourceVersionDate "2021.09.30"]
[SourceQuality "1"]

1. e4 Nf6 2. e5 Nd5 3. c4 Nb6 4. a4 a5 5. d4 d6 6. exd6 cxd6 7. Nc3 g6 8. Nf3 Bg7 9. h3 0-0 10. Be3 Bf5 11. Qd2 d5 12. c5 Nc4 13. Bxc4 dxc4 14. g4 Bd3 15. h4 Nc6 16. d5 Nb4 17. h5 Nc2+ 18. Kd1 Nxa1 19. hxg6 Bxg6 20. Bd4 Nb3 21. Qf4 Nxd4 22. Nxd4 Qb8 23. Qe3 Qe5 24. Nf3 Qxe3 25. fxe3 Rad8 26. Ke2 Bxc3 27. bxc3 Rxd5 0-1

[Event "Titled Tuesday intern op 29th June"]
[Site "Chess.com INT"]
[Date "2021.06.29"]
[Round "7"]
[White "Hughes, Anthony"]
[Black "Mirzanurov, Bulat"]
[Result "0-1"]
[WhiteElo "1873"]
[BlackElo "2238"]
[PlyCount "72"]
[EventDate "2021.06.29"]
[EventType "swiss (blitz)"]
[EventRounds "11"]
[EventCountry "USA"]
[SourceTitle "CBM 203 Extra"]
[Source "ChessBase"]
[SourceDate "2021.09.30"]
[SourceVersion "1"]
[SourceVersionDate "2021.09.30"]
[SourceQuality "1"]

1. c4 e5 2. Nc3 Nf6 3. g3 Bb4 4. Bg2 0-0 5. e4 Nc6 6. Nge2 Nd4 7. 0-0 Re8 8. d3 d6 9. h3 Ne6 10. Be3 c5 11. Kh2 Bd7 12. f4 Bc6 13. f5 Nc7 14. g4 a6 15. a4 Bxc3 16. bxc3 Rf8 17. Ng3 Nfe8 18. g5 f6 19. h4 Rf7 20. Qh5 Rd7 21. Bh3 Qe7 22. Rg1 Qf8 23. Qg4 b5 24. axb5 axb5 25. Rxa8 Bxa8 26. h5 bxc4 27. dxc4 Bc6 28. h6 Re7 29. Nh5 Kh8 30. g6 hxg6 31. Qxg6 Bxe4 32. hxg7+ Nxg7 33. Qh6+ Kg8 34. Rxg7+ Rxg7 35. Nxf6+ Kf7 36. Nd5 Ke8 0-1

[Event "Titled Tuesday intern op 15th June"]
[Site "Chess.com INT"]
[Date "2021.06.15"]
[Round "10"]
[White "Dovbnia, Nikita"]
[Black "Hughes, Anthony"]
[Result "1-0"]
[WhiteElo "1916"]
[BlackElo "1873"]
[PlyCount "81"]
[EventDate "2021.06.15"]
[EventType "swiss (blitz)"]
[EventRounds "11"]
[EventCountry "USA"]
[SourceTitle "CBM 203 Extra"]
[Source "ChessBase"]
[SourceDate "2021.09.30"]
[SourceVersion "1"]
[SourceVersionDate "2021.09.30"]
[SourceQuality "1"]

1. e4 Nf6 2. e5 Nd5 3. d4 d6 4. c4 Nb6 5. exd6 cxd6 6. Nc3 g6 7. Be3 Bg7 8. Rc1 0-0 9. b3 Bf5 10. Nf3 Bg4 11. Be2 d5 12. 0-0 e6 13. c5 Nc8 14. b4 a6 15. a4 Ne7 16. b5 axb5 17. axb5 Nf5 18. h3 Bxf3 19. Bxf3 Qf6 20. Ne2 Nh4 21. Nf4 Nxf3+ 22. Qxf3 g5 23. Nd3 Qxf3 24. gxf3 Ra4 25. Ra1 Rc4 26. Ra7 Bxd4 27. Rxb7 e5 28. c6 e4 29. fxe4 dxe4 30. Bxd4 Rxd4 31. Nc5 Rc4 32. c7 Rxc5 33. cxb8Q Rxb8 34. Rxb8+ Kg7 35. b6 f5 36. b7 Rb5 37. Rc1 f4 38. Rc7+ Kg6 39. Rg8+ Kh5 40. b8Q Rb1+ 41. Qxb1 1-0

[Event "Titled Tuesday intern op 15th June"]
[Site "Chess.com INT"]
[Date "2021.06.15"]
[Round "3"]
[White "Von Buelow, Georg"]
[Black "Hughes, Anthony"]
[Result "1-0"]
[WhiteElo "2361"]
[BlackElo "1873"]
[PlyCount "63"]
[EventDate "2021.06.15"]
[EventType "swiss (blitz)"]
[EventRounds "11"]
[EventCountry "USA"]
[SourceTitle "CBM 203 Extra"]
[Source "ChessBase"]
[SourceDate "2021.09.30"]
[SourceVersion "1"]
[SourceVersionDate "2021.09.30"]
[SourceQuality "1"]

1. e4 Nf6 2. e5 Nd5 3. d4 d6 4. c4 Nb6 5. exd6 cxd6 6. Nc3 g6 7. Be3 Bg7 8. Rc1 0-0 9. b3 Bf5 10. Be2 d5 11. c5 Nc8 12. h3 Nc6 13. Nf3 e6 14. 0-0 N8e7 15. a3 Be4 16. Ng5 Nf5 17. Ngxe4 dxe4 18. Nxe4 Ncxd4 19. Bxd4 Bxd4 20. b4 a5 21. b5 Qd5 22. Bf3 Qa2 23. Qa4 Ne3 24. Qxd4 Nxf1 25. Nf6+ Kh8 26. Nd7+ f6 27. Nxf8 Rxf8 28. Rxf1 Qxa3 29. Bxb7 e5 30. Qd6 Rf7 31. Bd5 Qd3 32. Bxf7 1-0

[Event "Titled Tuesday intern op 25th May"]
[Site "Chess.com INT"]
[Date "2021.05.25"]
[Round "4"]
[White "Hughes, Anthony"]
[Black "Iljushina, Olga"]
[Result "0-1"]
[WhiteElo "1873"]
[BlackElo "2150"]
[PlyCount "88"]
[EventDate "2021.05.25"]
[EventType "swiss (blitz)"]
[EventRounds "11"]
[EventCountry "USA"]
[SourceTitle "CBM 203 Extra"]
[Source "ChessBase"]
[SourceDate "2021.09.30"]
[SourceVersion "1"]
[SourceVersionDate "2021.09.30"]
[SourceQuality "1"]

1. c4 Nf6 2. Nc3 e6 3. e4 d6 4. g3 b6 5. Bg2 Bb7 6. Nge2 Nbd7 7. 0-0 g6 8. d3 Qc8 9. h3 Bg7 10. Be3 a5 11. Qd2 Nc5 12. f4 0-0 13. Rae1 a4 14. g4 Nfd7 15. Ng3 f5 16. gxf5 exf5 17. exf5 Bxg2 18. Kxg2 Qb7+ 19. Kh2 gxf5 20. d4 Ne4 21. Ngxe4 fxe4 22. Nd5 Nf6 23. Ne7+ Kh8 24. Rg1 Rf7 25. Nf5 Rg8 26. Rg2 Qc8 27. Nh4 Bh6 28. Reg1 Rfg7 29. f5 Rxg2+ 30. Rxg2 Rxg2+ 31. Nxg2 Bxe3 32. Nxe3 Qg8 33. Qg2 Qxg2+ 34. Kxg2 Kg7 35. Kg3 c6 36. Kf4 d5 37. Kg5 h6+ 38. Kf4 Kf7 39. Ke5 Ke7 40. cxd5 cxd5 41. Nxd5+ Nxd5 42. f6+ Nxf6 43. Kf4 Ke6 44. Ke3 Kd5 0-1

[Event "Titled Tuesday intern op 25th May"]
[Site "Chess.com INT"]
[Date "2021.05.25"]
[Round "1"]
[White "Hughes, Anthony"]
[Black "Reprintsev, Alexander"]
[Result "0-1"]
[WhiteElo "1873"]
[BlackElo "2353"]
[PlyCount "86"]
[EventDate "2021.05.25"]
[EventType "swiss (blitz)"]
[EventRounds "11"]
[EventCountry "USA"]
[SourceTitle "CBM 203 Extra"]
[Source "ChessBase"]
[SourceDate "2021.09.30"]
[SourceVersion "1"]
[SourceVersionDate "2021.09.30"]
[SourceQuality "1"]

1. c4 e5 2. Nc3 Nc6 3. g3 Bb4 4. Nd5 a5 5. Bg2 Nf6 6. e4 Nd4 7. Ne2 Bc5 8. 0-0 c6 9. Ndc3 0-0 10. d3 d6 11. h3 Bd7 12. Kh2 h6 13. Be3 Qc8 14. f4 exf4 15. gxf4 Re8 16. Bxd4 Bxd4 17. Nxd4 b5 18. b3 b4 19. Nce2 c5 20. Nf3 Nh5 21. Qd2 a4 22. Ng3 Nf6 23. e5 dxe5 24. Nxe5 Ra6 25. d4 cxd4 26. Qxd4 Be6 27. Rfe1 Rd8 28. Qe3 Qc7 29. Ne4 Nh5 30. Bf3 f6 31. Bxh5 fxe5 32. fxe5 Qxe5+ 33. Ng3 Qxe3 34. Rxe3 axb3 35. Bg4 Bxg4 36. hxg4 Rxa2+ 37. Rxa2 bxa2 38. Re1 b3 39. Nf5 b2 40. Ne7+ Kh7 41. Nd5 b1Q 42. Re7 a1Q 43. Nf6+ Qxf6 0-1